Case Discussions in Surgery (Record no. 249057)

MARC details
000 -LEADER
fixed length control field 00531nam a22001937a 4500
003 - CONTROL NUMBER IDENTIFIER
control field OSt
008 - FIXED-LENGTH DATA ELEMENTS--GENERAL INFORMATION
fixed length control field 250513b |||||||| |||| 00| 0 eng d
020 ## - INTERNATIONAL STANDARD BOOK NUMBER
International Standard Book Number 9788123925929
082 ## - DEWEY DECIMAL CLASSIFICATION NUMBER
Classification number 617
100 ## - MAIN ENTRY--PERSONAL NAME
Personal name Jain, Sudhir Kumar
245 ## - TITLE STATEMENT
Title Case Discussions in Surgery
Remainder of title with Questions and Answers
Statement of responsibility, etc Sudhir Kumar Jain; Raman Tanwar
250 ## - EDITION STATEMENT
Edition statement 1st
260 ## - PUBLICATION, DISTRIBUTION, ETC. (IMPRINT)
Place of publication, distribution, etc New Delhi
Name of publisher, distributor, etc CBS Publishers & Distributors
Date of publication, distribution, etc 2025
650 ## - SUBJECT ADDED ENTRY--TOPICAL TERM
Form subdivision Physiotherapy
General subdivision Surgery
942 ## - ADDED ENTRY ELEMENTS (KOHA)
Item type Books
Source of classification or shelving scheme Dewey Decimal Classification
Holdings
Withdrawn status Lost status Damaged status Permanent location Current location Shelving location Date acquired Source of acquisition Cost, normal purchase price Full call number Barcode Date last seen Koha item type
      CENTRAL LIBRARY, NOORUL ISLAM CENTRE FOR HIGHER EDUCATION CENTRAL LIBRARY, NOORUL ISLAM CENTRE FOR HIGHER EDUCATION General stacks 05/12/2025 Masters Books and Distributors, 7-04-2025 475.00 617 Q5 84099 05/13/2025 Books
      CENTRAL LIBRARY, NOORUL ISLAM CENTRE FOR HIGHER EDUCATION CENTRAL LIBRARY, NOORUL ISLAM CENTRE FOR HIGHER EDUCATION General stacks 05/12/2025 Masters Books and Distributors, 7-04-2025 475.00 617 Q5 84100 05/13/2025 Books
      CENTRAL LIBRARY, NOORUL ISLAM CENTRE FOR HIGHER EDUCATION CENTRAL LIBRARY, NOORUL ISLAM CENTRE FOR HIGHER EDUCATION General stacks 05/12/2025 Masters Books and Distributors, 7-04-2025 475.00 617 Q5 84101 05/13/2025 Books
      CENTRAL LIBRARY, NOORUL ISLAM CENTRE FOR HIGHER EDUCATION CENTRAL LIBRARY, NOORUL ISLAM CENTRE FOR HIGHER EDUCATION General stacks 05/12/2025 Masters Books and Distributors, 7-04-2025 475.00 617 Q5 84102 05/13/2025 Books
      CENTRAL LIBRARY, NOORUL ISLAM CENTRE FOR HIGHER EDUCATION CENTRAL LIBRARY, NOORUL ISLAM CENTRE FOR HIGHER EDUCATION General stacks 05/12/2025 Masters Books and Distributors, 7-04-2025 475.00 617 Q5 84103 05/13/2025 Books
Visitors:
Copyright © 2024 Central Library NICHE.  All rights reserved.